000 00518nam a2200169Ia 4500
008 240729s9999 xx 000 0 und d
022 _a2366-1003
245 0 _aInternational Journal of Anthropology and Ethnology
260 _aUnited Kingdom
260 _bSpringerOpen
650 _a Anthropology
650 _a Ethnology. Social and cultural anthropology
650 _aGeography. Anthropology. Recreation
856 _uhttps://doaj.org/toc/5ab399a3dcb045d59305fcb5765f7ced
942 _2ddc
942 _cDOAJEJ
999 _c66614
_d66614
945 _a1
_bMadushi Gamage
_c1
_dMadushi Gamage